000 00646nam a2200181Ia 4500
008 090122s9999 xx 000 0 und d
082 _b11136
100 _aबेदरकर
_bकुमुद
245 _aनिसर्गोपचार आणि तत्त्वज्ञान
260 _bआरती
_c2003
300 _a104
501 _aबि. नं. 395
600 _aबेदरकर
630 _aनिसर्गोपचार आणि तत्त्वज्ञान
700 _aबेदरकर
730 _aनिसर्गोपचार आणि तत्त्वज्ञान
942 _cBOOK
999 _c35213
_d35213